Vijnana aur darsana (Record no. 1392555)

MARC details
000 -LEADER
fixed length control field 00568nam a2200217Ia 4500
005 - DATE AND TIME OF LATEST TRANSACTION
control field 20250508165009.0
008 - FIXED-LENGTH DATA ELEMENTS--GENERAL INFORMATION
fixed length control field 008 250505s9999 xx 000 0 hin d
020 ## - INTERNATIONAL STANDARD BOOK NUMBER
International Standard Book Number 81-85127-95-6
037 ## - SOURCE OF ACQUISITION
Stock number Textual
040 ## - CATALOGING SOURCE
Original cataloging agency FEDL
Language of cataloging eng
Transcribing agency FEDL
041 ## - LANGUAGE CODE
Language code of text/sound track or separate title hin
Source of code hin
084 ## - COLON CLASSIFICATION NUMBER
Classification number 501, RAI
Assigning agency FEDL
100 ## - MAIN ENTRY--PERSONAL NAME
Personal name Roy M N
245 #0 - TITLE STATEMENT
Title Vijnana aur darsana
260 ## - PUBLICATION, DISTRIBUTION, ETC.
Place of publication, distribution, etc. Bikaner, India
Name of publisher, distributor, etc. Vagdevi Prakashan
Date of publication, distribution, etc. 1999
300 ## - PHYSICAL DESCRIPTION
Extent 111p.
365 ## - TRADE PRICE
Price type code INR
Price amount 95
546 ## - LANGUAGE NOTE
Language note Tr of Science and philosophy
942 ## - ADDED ENTRY ELEMENTS (KOHA)
Koha item type Textual
Classification part 501, RAI
Holdings
Withdrawn status Lost status Damaged status Not for loan Home library Current library Date acquired Cost, normal purchase price Total Checkouts Full call number Barcode Date last seen Price effective from Koha item type
        Department of Education Library Department of Education Library 2025-05-08 95.00   501, RAI EL0086185 2025-05-08 2025-05-08 Textual
Copyright @ Delhi University Library System